| 000 | 00572nam a2200181Ia 4500 | ||
|---|---|---|---|
| 008 | 100921s9999 xx 000 0 und d | ||
| 082 |
_b26826 _a891.462 थ 83 |
||
| 100 | _aगोखले विद्याधर. | ||
| 245 | _aबावनखणी. | ||
| 260 |
_bमॅजेस्टीक बुक स्टॉल,मुंबई. _c1983 |
||
| 300 |
_a71 _b--- |
||
| 365 | _b15 | ||
| 520 | _aललित-नाटके. | ||
| 630 | _aबावनखणी. | ||
| 650 | _aललित-नाटके. | ||
| 730 | _aबावनखणी. | ||
| 942 | _cBOOK | ||
| 999 |
_c775939 _d775936 |
||